Nerf AlphaStrike Blasters - Statistics

General Stats
  • This quiz has been taken 6 times
    4 since last reset
  • The average score is 10 of 16
Answer Stats
Answer % Correct
Fang QS-4
100%
Flyte CS-10
100%
Stinger SD-1
100%
Claw QS-4
75%
Optic QS-4
75%
Uppercut
75%
Vanguard
75%
Boa RC-6
50%
Cobra RC-6
50%
Hammerstorm
50%
Lynx SD-1
50%
Mako RC-6
50%
Mantis LR-1
50%
Tiger DB-2
50%
Wolf LR-1
50%
Big Cat DB-6
25%
No matching quizzes found
Score Distribution
Percent of People with Each Score
Percentile by Number Answered
Your Score History
You have not taken this quiz since the last reset